Tin tức về một vụ bắt cóc

Salvato in:
Dettagli Bibliografici
Autore principale: GABRIEL GARCIA MARQUEZ
Natura: Libro
Lingua:Undetermined
Pubblicazione: Văn nghệ Tp HCM 2001
Tags: Aggiungi Tag
Nessun Tag, puoi essere il primo ad aggiungerne! !
Thư viện lưu trữ: Trung tâm Học liệu Trường Đại học Cần Thơ
LEADER 00444nam a2200145Ia 4500
001 CTU_48720
008 210402s9999 xx 000 0 und d
082 |a 868 
082 |b M357v 
100 |a GABRIEL GARCIA MARQUEZ 
245 0 |a Tin tức về một vụ bắt cóc 
245 0 |c GABRIEL GARCIA MARQUEZ, DDoanf Đình Ca 
260 |b Văn nghệ Tp HCM 
260 |c 2001 
980 |a Trung tâm Học liệu Trường Đại học Cần Thơ